ASP.NET 4.5 (Record no. 5543)

MARC details
000 -LEADER
fixed length control field 00504nam a2200157Ia 4500
003 - CONTROL NUMBER IDENTIFIER
control field SGT
020 ## - INTERNATIONAL STANDARD BOOK NUMBER
International Standard Book Number 9789351190806
082 ## - DEWEY DECIMAL CLASSIFICATION NUMBER
Classification number 6.7
Item number BLA
100 ## - MAIN ENTRY--PERSONAL NAME
Personal name Black Book
245 ## - TITLE STATEMENT
Title ASP.NET 4.5
260 ## - PUBLICATION, DISTRIBUTION, ETC. (IMPRINT)
Name of publisher, distributor, etc Dreamtech Press
Place of publication, distribution, etc New Delhi
Year of Publication 2013
300 ## - PAGE DESCRIPTION
No. of Pages 1363p.
650 ## - SUBJECT ADDED ENTRY--TOPICAL TERM
Topical term or geographic name as entry element COMPUTER SCIENCE
653 ## - KEYWORDS--INDEX TERM
Keyword term ASP.NET 4.5 ESSENTIALS, DEVELOPING A WEB APPLICATION, APPLICATION STRUCTURE AND STATE, WEB FORMS:TREEVIEW,MENU,SITEMAPPATH, VALIDATION CONTROLS, INTRODUCING WEB PARTS CONTROLS
942 ## - ADDED ENTRY ELEMENTS (KOHA)
Source of classification or shelving scheme Dewey Decimal Classification
Koha item type Books
942 ## - ADDED ENTRY ELEMENTS (KOHA)
-- 1
Holdings
Withdrawn status Lost status Source of classification or shelving scheme Damaged status Not for loan Home library Current library Date acquired SGTU Total Checkouts Full call number Accession No. (Barcode) Date last seen Bill Date Koha item type Date last borrowed
    Dewey Decimal Classification     SGT Engineering Library SGT Engineering Library 30/05/2013 SGTU   6.7 BLA FE5809 08/06/2017 09/02/2015 Books  
    Dewey Decimal Classification     SGT Engineering Library SGT Engineering Library 30/05/2013 SGTU 1 6.7 BLA FE5810 20/10/2022 09/02/2015 Books 06/10/2022
    Dewey Decimal Classification     SGT Engineering Library SGT Engineering Library 30/05/2013 SGTU   6.7 BLA FE5811 09/02/2015 09/02/2015 Books